000 00527nam a2200169Ia 4500
008 230718s9999 xx 000 0 und d
020 _a9781626564695
041 _aeng
082 _a302.14
_bFOW
100 _aFowler S.
_9116991
245 _aWhy Motivating People Doesn't Work And What Does
_bThe New Science Of Leading Energizing, And Engaging
260 _c2014
_bCollins Business
300 _a218
365 _cRs.
_b399.00
700 _aFowler S.
_9116991
906 _dO:0518201-Jul-2016B:174321-Jun-2016
_cGENRL
_b87.78
999 _c342317
_d342317